000 00485cam a22002051 4500
001 sa 66003286
003 DLC
005 20260227112234.0
008 881028s1965 xx 000 0 benr
010 _asa 66003286
035 _a(OCoLC)23555827
040 _aDLC
_cMiU
_dDLC
042 _apremarc
050 0 0 _aPK1730.28.J774
_bB5
100 1 _aMajumadāra, Jagamohana.
245 1 0 _aBijñāpana.
260 _a[n.p.
_c1965]
300 _a123 p.
_c18 cm.
500 _aRomanized.
999 _c68778
_d68778